| 000 | 01422nam a2200433 i 4500 | ||
|---|---|---|---|
| 001 | 49764 | ||
| 003 | KOSZ 005 | ||
| 005 | 20230207121255.0 | ||
| 008 | 080605s1960 pl a |000 0 pol | ||
| 015 | _aUWD 1960/1408 | ||
| 035 | _a991042471259705066 | ||
| 035 | _a(PL-WaBN)b21401305-48omnis_nlop | ||
| 035 | _ab21401305 | ||
| 035 | _a(OCoLC)749213061 | ||
| 035 | _a(PL)b0000002140130 | ||
| 035 | _a(EXLNZ-48OMNIS_NETWORK)9910454820105606 | ||
| 040 |
_aWA N _cWA N _dKOSZ 005/HR |
||
| 046 | _k1960 | ||
| 080 | _a628.1/.3 | ||
| 100 | 1 |
_aBłaszczyk, Wacław _d(1932- ) _eAutor |
|
| 245 | 1 | 0 |
_aProjektowanie sieci kanalizacyjnych / _cWacław Błaszczyk. |
| 260 |
_aWarszawa : _b"Arkady", _c1960. |
||
| 300 |
_a247, [1] s., [13] k. tabl. : _bil. ; _c25 cm. |
||
| 336 |
_aTekst _btxt _2rdacontent |
||
| 337 |
_aBez urządzenia pośredniczącego _bn _2rdamedia |
||
| 338 |
_aWolumin _bnc _2rdacarrier |
||
| 380 | _aKsiążki | ||
| 388 | _a1901-2000 | ||
| 388 | _a1945-1989 | ||
| 504 | _aBibliogr. | ||
| 521 | 8 | _aDla inżynierów i studentów wydziałów inżynierii sanitarnej. | |
| 650 | 7 | _aKanalizacja | |
| 650 | 7 | _aProjektowanie | |
| 658 | _aInżynieria i technika | ||
| 710 | 2 |
_aWydawnictwo Arkady _4pbl |
|
| 856 |
_uhttp://koha.tu.koszalin.pl/cgi-bin/koha/opac-detail.pl?biblionumber=49764 _yKatalog online BPK |
||
| 942 |
_2UKD _cKS |
||
| 999 |
_c49764 _d49764 |
||